000 00484nam a2200181Ia 4500
001 9614
005 20260306161731.0
008 260306t2004||||xx |||||||||||||| ||spa||
041 _aESP
082 _a382.71
_bA81T
100 _aEconomic Committees NIA Pacific Economic
_eAUT
245 0 _aTrade facilitation and trade liberalisation:
_bfrom shanghai to bogor
260 _c2004
300 _a87 páginas :
_c30 cm.
650 _aGEN
654 _aCAN
942 _cLIB
_dJUS
_fJUS
_2ddc
_n
999 _c9614
_d9614